000 00310nam a22001337a 4500
008 170829b xxu||||| |||| 00| 0 eng d
020 _a9781612052748
041 _aeng
080 _a070
100 _a39
101 _aMED
245 _aTHINKING ABOUT MEDIA AND POLITICS
_cLAZERE.D
942 _2udc
_cBK
999 _c25278
_d25278